Cắt tỉa và trình bày trái cây

Wedi'i Gadw mewn:
Manylion Llyfryddiaeth
Prif Awdur: Đặng, Huy Vinh
Fformat: Llyfr
Iaith:Undetermined
Cyhoeddwyd: Hà Nội Phụ Nữ 2005
Pynciau:
Tagiau: Ychwanegu Tag
Dim Tagiau, Byddwch y cyntaf i dagio'r cofnod hwn!
Thư viện lưu trữ: Trung tâm Học liệu Trường Đại học Cần Thơ
LEADER 00558nam a2200193Ia 4500
001 CTU_73926
008 210402s9999 xx 000 0 und d
020 |b 48000 
082 |a 745.92 
082 |b V312 
100 |a Đặng, Huy Vinh 
245 0 |a Cắt tỉa và trình bày trái cây 
245 0 |c Đặng Huy Vinh ; Nguyễn Kim Dân (dịch) 
260 |a Hà Nội 
260 |b Phụ Nữ 
260 |c 2005 
650 |a Decorative arts 
904 |i Mai Loan, Qhieu 
980 |a Trung tâm Học liệu Trường Đại học Cần Thơ